En la viña del señor

Na minha lista:
Detalhes bibliográficos
Autor principal: Torre, Augusto de la
Formato: Livro
Idioma:Undetermined
Publicado em: La Habana, Cuba Casa de la Américas 1984
Assuntos:
Tags: Adicionar Tag
Sem tags, seja o primeiro a adicionar uma tag!

MARC

LEADER 00000nam a2200000Ia 4500
008 170316s9999 xx 000 0 und d
040 |a cru BVZT 
090 |a 860 T-3e 
100 |a Torre, Augusto de la 
245 |a En la viña del señor 
260 |a La Habana, Cuba  |b Casa de la Américas  |c 1984 
300 |a 89 páginas 
650 |a LITERATURA LATINOAMERICANA 
999 |c 9278  |d 9278 
942 |c 15 D  |h 860 T-3e  |2 z